000 00558nam a22001697a 4500
003 SISC
005 20161115154627.0
008 161115b xxu||||| |||| 00| 0 eng d
020 _a9781138172036
050 _aBF 201
_b.R544 2012
100 _aRiding, RIchard.
245 _aCognitive styles and learning strategies :
_bunderstanding style differences in learning and behaviour /
260 _aLondon :
_bRoutledge,
_c2012.
300 _a217 pages :
_billustrations ;
_c25 cm.
500 _aIncludes bibliographical references and index.
942 _2lcc
_cBK
999 _c305270
_d305270